00549nam a2200169Ia 450000500170000000800410001702000180005808200130007610000200008924500600010926000550016930000160022450000230024094200060026395200950026999900150036420250514022050.0240331s9999 xx 000 0 und d a9789559261582 bTHIa200 aThiruchandran,S 0aSri Lankawe Hinduwathaya Thula Pithru mulika loka dakma aColombobWomen's Education & Research Centrec2013 axi, 54 p ., aA book on Hinduism cL 001040708LaWERCLbWERCLcSSCd2024-03-31l0o 200 THIp6814r2024-03-31w2024-03-31yL c5831d5831